Penetration and translocation of rogor applied to plants (Record no. 21478)

MARC details
000 -LEADER
fixed length control field 00551nam a2200193Ia 4500
082 ## - DEWEY DECIMAL CLASSIFICATION NUMBER
Classification number 581.11
Item number PIE
100 ## - MAIN ENTRY--AUTHOR NAME
Personal name PIETRI-TONELLI, P De
245 #0 - TITLE STATEMENT
Title Penetration and translocation of rogor applied to plants
260 ## - PUBLICATION, DISTRIBUTION, ETC. (IMPRINT)
Place of publication New York
Name of publisher John Wiley
Year of publication 1965
490 ## - SERIES STATEMENT
Series statement Advances in pest control research. V 6
650 ## - SUBJECT ADDED ENTRY--TOPICAL TERM
Topical Term Foliar application
650 ## - SUBJECT ADDED ENTRY--TOPICAL TERM
Topical Term Fruit application
650 ## - SUBJECT ADDED ENTRY--TOPICAL TERM
Topical Term Rogor
650 ## - SUBJECT ADDED ENTRY--TOPICAL TERM
Topical Term Spray application
650 ## - SUBJECT ADDED ENTRY--TOPICAL TERM
Topical Term Translocation
650 ## - SUBJECT ADDED ENTRY--TOPICAL TERM
Topical Term Twig application
942 ## - ADDED ENTRY ELEMENTS (KOHA)
Koha item type Books
Holdings
Withdrawn status Lost status Damaged status Not for loan Home library Current library Date acquired Full call number Accession Number Koha item type
        RRII Library RRII Library 16/12/2021 581.11 PIE 02193 Books